Top 10 najbardziej zaludnionych państw Azji - Statystyki

Ogólne statystyki
  • Ten quiz został rozwiązany 151 razy
  • Średni wynik to 8 z 10
Statystyki odpowiedzi
Ludność Państwo % Poprawnych
1434 mln Chiny
99%
1435 mln Indie
99%
123 mln Japonia
94%
279 mln Indonezja
91%
243 mln Pakistan
88%
89,5 mln Iran
81%
99,2 mln Wietnam
81%
174 mln Bangladesz
79%
118 mln Filipiny
71%
73,1 mln Turcja
66%
Nie znaleziono quizów pasujących do podanych kryteriów
Rozkład punktacji
Procent ludzi z każdym wynikiem
Percentyl według liczby udzielonych odpowiedzi
Twoja historia wyników
Nie rozwiązałeś tego quizu